Sweet sixteen (Record no. 91790)

MARC details
000 -LEADER
fixed length control field 00370nam a2200157Ia 4500
008 - FIXED-LENGTH DATA ELEMENTS--GENERAL INFORMATION
fixed length control field 210210b1987 xxu||||| |||| 00| 0 eng d
041 ## - LANGUAGE CODE
Language code of text/sound track or separate title eng
082 ## - DEWEY DECIMAL CLASSIFICATION NUMBER
Classification number 820.13 SKAS
100 ## - MAIN ENTRY--PERSONAL NAME
Personal name SKANDA PRASAD (V S)
245 ## - TITLE STATEMENT
Title Sweet sixteen
260 ## - PUBLICATION, DISTRIBUTION, ETC.
Place of publication, distribution, etc. Mangalore
Name of publisher, distributor, etc. Chetana Books
Date of publication, distribution, etc. 1987
300 ## - PHYSICAL DESCRIPTION
Extent 28
650 ## - SUBJECT ADDED ENTRY--TOPICAL TERM
Topical term or geographic name entry element Poems
690 ## - LOCAL SUBJECT ADDED ENTRY--TOPICAL TERM (OCLC, RLIN)
Topical term or geographic name as entry element Indian English Poetry
906 ## - LOCAL DATA ELEMENT F, LDF (RLIN)
a 042284
Holdings
Withdrawn status Lost status Source of classification or shelving scheme Damaged status Not for loan Collection code Home library Current library Shelving location Date acquired Cost, normal purchase price Total Checkouts Full call number Barcode Date last seen Price effective from Koha item type
    Dewey Decimal Classification     English St Aloysius Library St Aloysius Library Secondary stack section 02/17/2021 16.00   820.13 SKAS 042284 02/17/2021 02/17/2021 Book